Mini entra en acción / (Record no. 128133)

MARC details
000 -CABECERA
campo de control de longitud fija 00733nam a2200241 u 4500
005 - FECHA Y HORA DE LA ÚLTIMA TRANSACCIÓN
campo de control 20220901063818.0
008 - ELEMENTOS DE LONGITUD FIJA--INFORMACIÓN GENERAL
campo de control de longitud fija 080520s2007 r 000 0 eng d
020 ## - NÚMERO INTERNACIONAL NORMALIZADO PARA LIBROS
Número Internacional Estándar del Libro 9788467510898
035 ## - NÚMERO DE CONTROL DEL SISTEMA
Número de control de sistema UPN01000156019
049 ## - COLECCIÓN
Colección I
050 #4 - SIGNATURA TOPOGRÁFICA DE LA BIBLIOTECA DEL CONGRESO
Número de clasificación PZ74.9
Número de documento/Ítem N6.5 2007
100 1# - ASIENTO PRINCIPAL--NOMBRE PERSONAL
Nombre de persona Nöstlinger, Christine,
Fechas asociadas al nombre 1936-
9 (RLIN) 31818
245 10 - MENCIÓN DE TÍTULO
Título Mini entra en acción /
Mención de responsabilidad, etc. Christine Nöstlinger ; tr. Carmen Bass.
250 ## - MENCIÓN DE EDICIÓN
Mención de edición 2a ed.
260 ## - PUBLICACIÓN, DISTRIBUCIÓN, ETC.
Lugar de publicación, distribución, etc. Madrid :
Nombre del editor, distribuidor, etc. SM,
Fecha de publicación, distribución, etc. 2007.
300 ## - DESCRIPCIÓN FÍSICA
Extensión 63 p. :
Otras características físicas il. col.
440 #3 - MENCIÓN DE SERIE/ASIENTO SECUNDARIO--TÍTULO
Título El barco de vapor.
Nombre de parte o sección de la obra Mini ;
Designación de volumen o secuencia 12
500 ## - NOTA GENERAL
Nota general "A partir de 7"
534 ## - NOTA SOBRE LA VERSIÓN ORIGINAL
Frase introductoria Traducción de:
Mención de título del original Mini greift ein
650 #4 - ASIENTO SECUNDARIO DE MATERIA - TERMINO TEMATICO
Término de materia o nombre geográfico como elemento de entrada CUENTOS INFANTILES AUSTRIACOS
9 (RLIN) 12943
650 #7 - ASIENTO SECUNDARIO DE MATERIA - TERMINO TEMATICO
Término de materia o nombre geográfico como elemento de entrada Amistad entre niños
Fuente del encabezamiento o término
9 (RLIN) 4319
905 ## - TIPO DE MATERIAL
Tipo de material Infantil
Holdings
Estado de retiro Estado de pérdida Fuente del sistema de clasificación o colocación Estado dañado No para préstamo Código de colección Localización permanente Ubicación/localización actual Ubicación en estantería Fecha de adquisición Total de préstamos Clasificación Código de barras Fecha visto por última vez Número de copia Tipo de ítem Koha
    Library of Congress Classification     Infantil Bib. Gregorio Torres Quintero Bib. Gregorio Torres Quintero Sala infantil Planta baja 10/05/2023 1 PZ74.9 N6.5 2007 259023 31/12/2020 1 Libro